| Поле | Инд. | ПП | Название | Значение |
|---|---|---|---|---|
| Тип записи | a | |||
| Библиографический уровень | m | |||
| 001 | Контрольный номер | RU/IS/BASE/226421155 | ||
| 005 | Дата корректировки | 20140505115541.8 | ||
| 020 | 00 | a | ISBN | 5-86090-044-9 |
| c | Цена, тираж | 73-88 | ||
| 084 | a | Индекс другой классификации/Индекс ББК | 66.1 | |
| 090 | a | Полочн. индекс | 66.1 | |
| x | Авторский знак | Б 48 | ||
| 100 | 10 | a | Автор | Бёрк Э. |
| 245 | 00 | a | Заглавие | Правление, политика и общество |
| b | Продолж. заглавия | сборник | ||
| c | Ответственность | сост., пер. с англ. Л. В. Полякова | ||
| 260 | 00 | a | Место издания | Москва |
| b | Издательство | Канон-Пресс-Ц | ||
| b | Издательство | Кучково поле | ||
| c | Дата издания | 2001 | ||
| 300 | 00 | a | Объем | 480 с. |
| 440 | 00 | a | Серия | Публикации ЦФС |
| 650 | _4 | a | Основная рубрика | Политические учения-История, 18 в. |
| 651 | a | Географическое наименование | Великобритания | |
| 651 | a | Географическое наименование | Франция | |
| 653 | 00 | a | Ключевые слова | Английский парламент |
| a | Ключевые слова | Общество | ||
| a | Ключевые слова | Политика | ||
| a | Ключевые слова | Право | ||
| a | Ключевые слова | Человечество | ||
| 990 | 00 | f | Даты поступлений (DOS) | 04.02 |